[Event "SVK-ch U14"]
[Site "Liptovsky Mikulas"]
[Date "2019.04.29"]
[Round "8"]
[White "Caban, Michal"]
[Black "Riebesam, Norbert"]
[Result "1/2-1/2"]
[WhiteElo "1315"]
[BlackElo "1297"]
[PlyCount "32"]
[EventDate "2019.04.23"]
[EventType "swiss"]
[EventRounds "9"]
[EventCountry "SVK"]
[SourceTitle "CBM 190 Extra"]
[Source "ChessBase"]
[SourceDate "2019.07.15"]
[SourceVersion "1"]
[SourceVersionDate "2019.07.15"]
[SourceQuality "1"]

1. e4 e5 2. Nf3 Nc6 3. d4 exd4 4. Nxd4 Nf6 5. f3 Qe7 6. Nc3 g6 7. Bf4 d6 8. Bb5 Bd7 9. 0-0 Bg7 10. Re1 0-0 11. Nd5 Qd8 12. Bg5 h6 13. Bxf6 Bxf6 14. Nxc6 bxc6 15. Nxf6+ Qxf6 16. e5 Qe7 1/2-1/2

[Event "SVK-ch U14"]
[Site "Liptovsky Mikulas"]
[Date "2019.04.25"]
[Round "4"]
[White "Caban, Michal"]
[Black "Duda, Daniel1"]
[Result "0-1"]
[WhiteElo "1315"]
[BlackElo "1245"]
[PlyCount "78"]
[EventDate "2019.04.23"]
[EventType "swiss"]
[EventRounds "9"]
[EventCountry "SVK"]
[SourceTitle "CBM 190 Extra"]
[Source "ChessBase"]
[SourceDate "2019.07.15"]
[SourceVersion "1"]
[SourceVersionDate "2019.07.15"]
[SourceQuality "1"]

1. e4 c5 2. g3 b6 3. Bg2 Bb7 4. Ne2 f5 5. d3 Nf6 6. f3 fxe4 7. fxe4 e6 8. 0-0 Be7 9. e5 Bxg2 10. exf6 Bxf1 11. fxe7 Qxe7 12. Qxf1 Rf8 13. Qg2 Qf7 14. Bf4 Nc6 15. Nbc3 e5 16. Bxe5 0-0-0 17. Nb5 Qe6 18. Nd6+ Kb8 19. Bf4 Rxf4 20. Nxf4 Qxd6 21. Re1 Qd4+ 22. Kh1 Rf8 23. c3 Qd6 24. Kg1 a5 25. Qe4 g6 26. a3 h5 27. Kg2 g5 28. Nd5 Ka7 29. b4 h4 30. bxa5 Nxa5 31. Rb1 h3+ 32. Kxh3 Rh8+ 33. Kg2 Qh6 34. Nxb6 Qxh2+ 35. Kf3 g4+ 36. Qxg4 Rf8+ 37. Ke3 Re8+ 38. Kf3 Qe2+ 39. Kf4 Rf8+ 0-1

[Event "SVK-ch U14"]
[Site "Liptovsky Mikulas"]
[Date "2019.04.24"]
[Round "2"]
[White "Caban, Michal"]
[Black "Sloboda, Rudolf"]
[Result "1-0"]
[WhiteElo "1315"]
[BlackElo "1000"]
[PlyCount "53"]
[EventDate "2019.04.23"]
[EventType "swiss"]
[EventRounds "9"]
[EventCountry "SVK"]
[SourceTitle "CBM 190 Extra"]
[Source "ChessBase"]
[SourceDate "2019.07.15"]
[SourceVersion "1"]
[SourceVersionDate "2019.07.15"]
[SourceQuality "1"]

1. e4 d5 2. exd5 Qxd5 3. d4 Nc6 4. Nf3 Bg4 5. Nc3 Qe6+ 6. Be3 Nf6 7. h3 Bxf3 8. Qxf3 Rb8 9. 0-0-0 Qd7 10. d5 Nb4 11. Bb5 c6 12. dxc6 bxc6 13. Rxd7 Nxd7 14. Bxc6 Rd8 15. Rd1 Nxc6 16. Qxc6 e6 17. Bxa7 Ke7 18. Nd5+ Ke8 19. Bb6 Rb8 20. Nf6+ Ke7 21. Qxd7+ Kxf6 22. Bd8+ Kf5 23. g4+ Kg6 24. Qd3+ f5 25. gxf5+ exf5 26. Qg3+ Kh5 27. Qg5# 1-0

[Event "SVK-ch U14"]
[Site "Liptovsky Mikulas"]
[Date "2018.04.27"]
[Round "9"]
[White "Caban, Michal"]
[Black "Kostelansky, Karol"]
[Result "0-1"]
[WhiteElo "1363"]
[BlackElo "1506"]
[PlyCount "50"]
[EventDate "2018.04.21"]
[EventType "swiss"]
[EventRounds "9"]
[EventCountry "SVK"]
[SourceTitle "CBM 184 Extra"]
[Source "ChessBase"]
[SourceDate "2018.06.28"]
[SourceVersion "1"]
[SourceVersionDate "2018.06.28"]
[SourceQuality "1"]

1. e4 d5 2. exd5 Nf6 3. d4 Bg4 4. Be2 Bxe2 5. Nxe2 Qxd5 6. 0-0 Nc6 7. c3 0-0-0 8. Nf4 Qf5 9. Qd3 Qd7 10. Na3 e6 11. Nc4 h6 12. b4 g5 13. b5 Nxd4 14. Ne5 Qe8 15. cxd4 gxf4 16. Bxf4 Nd5 17. Qe4 Nc3 18. Qc2 Nxb5 19. a4 Nxd4 20. Qc4 c6 21. Rac1 f6 22. Nxc6 Nxc6 23. Qb5 e5 24. Rxc6+ Qxc6 25. Rc1 Qxc1+ 0-1

[Event "SVK-ch U12"]
[Site "Liptovsky Mikulas"]
[Date "2017.04.27"]
[Round "8"]
[White "Caban, Michal"]
[Black "Grec, Jan Alexander"]
[Result "1/2-1/2"]
[WhiteElo "1422"]
[BlackElo "1404"]
[PlyCount "37"]
[EventDate "2017.04.22"]
[EventType "swiss"]
[EventRounds "9"]
[EventCountry "SVK"]
[SourceTitle "CBM 178 Extra"]
[Source "ChessBase"]
[SourceDate "2017.06.22"]
[SourceVersion "1"]
[SourceVersionDate "2017.06.22"]
[SourceQuality "1"]

1. e4 c5 2. Nf3 d6 3. d4 cxd4 4. Nxd4 Nf6 5. Nc3 g6 6. Bc4 Bg7 7. Be3 Ng4 8. Bb5+ Kf8 9. 0-0 Nxe3 10. fxe3 Bf6 11. Bc4 Kg7 12. Nd5 Re8 13. Nb5 Na6 14. Nxf6 exf6 15. Nxd6 Rf8 16. Nxc8 Rxc8 17. Bd5 Qb6 18. Qf3 Nb4 19. Bb3 1/2-1/2

[Event "SVK-ch U12"]
[Site "Liptovsky Mikulas"]
[Date "2017.04.26"]
[Round "7"]
[White "Marko, Maxim"]
[Black "Caban, Michal"]
[Result "1/2-1/2"]
[WhiteElo "1508"]
[BlackElo "1422"]
[PlyCount "55"]
[EventDate "2017.04.22"]
[EventType "swiss"]
[EventRounds "9"]
[EventCountry "SVK"]
[SourceTitle "CBM 178 Extra"]
[Source "ChessBase"]
[SourceDate "2017.06.22"]
[SourceVersion "1"]
[SourceVersionDate "2017.06.22"]
[SourceQuality "1"]

1. Nf3 c5 2. c4 Nc6 3. g3 g6 4. Bg2 Bg7 5. 0-0 Nf6 6. Nc3 0-0 7. Re1 d6 8. d3 e5 9. Bg5 Be6 10. Qc1 Re8 11. Nd2 Qd7 12. Bxf6 Bxf6 13. Nde4 Bg7 14. a3 Nd4 15. Rb1 Rab8 16. b4 b6 17. Rb2 f5 18. Ng5 Bh6 19. Rb1 Qe7 20. h4 Bd7 21. Bd5+ Be6 22. Bg2 Bf7 23. Nd5 Bxd5 24. Bxd5+ Kg7 25. e3 Bxg5 26. hxg5 Ne6 27. e4 fxe4 28. Bxe4 1/2-1/2

[Event "SVK-ch U12"]
[Site "Liptovsky Mikulas"]
[Date "2017.04.22"]
[Round "1"]
[White "Babjarcik, Tobias"]
[Black "Caban, Michal"]
[Result "0-1"]
[WhiteElo "1052"]
[BlackElo "1422"]
[PlyCount "102"]
[EventDate "2017.04.22"]
[EventType "swiss"]
[EventRounds "9"]
[EventCountry "SVK"]
[SourceTitle "CBM 178 Extra"]
[Source "ChessBase"]
[SourceDate "2017.06.22"]
[SourceVersion "1"]
[SourceVersionDate "2017.06.22"]
[SourceQuality "1"]

1. e4 c5 2. Nc3 Nc6 3. Bb5 g6 4. Nf3 Bg7 5. 0-0 e6 6. Re1 Nge7 7. Ne2 0-0 8. Ng3 a6 9. Bxc6 Nxc6 10. c3 d5 11. exd5 exd5 12. d4 cxd4 13. cxd4 Bg4 14. Be3 Rc8 15. h3 Bxf3 16. gxf3 Qb6 17. Ne2 Ne7 18. b3 Nf5 19. f4 Rfe8 20. Qd3 Qe6 21. Bd2 Qb6 22. Be3 Nh4 23. Bd2 Bxd4 24. Nxd4 Qxd4 25. Rxe8+ Rxe8 26. Qxd4 Nf3+ 27. Kg2 Nxd4 28. Be3 Nf5 29. Kf3 d4 30. Bd2 d3 31. Re1 Nd4+ 32. Kg3 Rxe1 33. Bxe1 f5 34. b4 Kf7 35. Bd2 Ke6 36. Kg2 Kd5 37. f3 Kc4 38. Kf2 Nc2 39. a3 Nxa3 40. Ke1 Nc2+ 41. Kd1 Nxb4 42. Bxb4 Kxb4 43. Kd2 a5 44. Kxd3 a4 45. Kc2 Kc4 46. h4 a3 47. Kb1 Kd3 48. Ka2 Ke3 49. Kxa3 Kxf3 50. Kb2 Kxf4 51. Kc2 Ke3 0-1

[Event "Liptovsky Mikulas V4 U15 op"]
[Site "Liptovsky Mikulas"]
[Date "2016.06.24"]
[Round "6"]
[White "Caban, Michal"]
[Black "Zumrik, Marek"]
[Result "1-0"]
[WhiteElo "1280"]
[BlackElo "1362"]
[PlyCount "57"]
[EventDate "2016.06.22"]
[EventType "swiss"]
[EventRounds "9"]
[EventCountry "SVK"]
[SourceTitle "CBM 173 Extra"]
[Source "ChessBase"]
[SourceDate "2016.08.29"]
[SourceVersion "1"]
[SourceVersionDate "2016.08.29"]
[SourceQuality "1"]

1. e4 e5 2. Nf3 Nc6 3. Bc4 Bc5 4. c3 Nf6 5. d3 h6 6. Bb3 d6 7. h3 0-0 8. 0-0 b6 9. Re1 Bb7 10. Nbd2 Qe7 11. Nf1 Nh5 12. d4 exd4 13. cxd4 Bb4 14. Bd2 Bxd2 15. N3xd2 Nf4 16. Nf3 Qf6 17. Ng3 Nb4 18. Bc4 Qg6 19. Qd2 a5 20. a3 Qf6 21. axb4 axb4 22. Rxa8 Rxa8 23. e5 dxe5 24. dxe5 Qc6 25. Qxf4 Rf8 26. e6 Kh8 27. exf7 Kh7 28. Bd3+ Kh8 29. Qf5 1-0

[Event "Liptovsky Mikulas V4 U15 op"]
[Site "Liptovsky Mikulas"]
[Date "2016.06.22"]
[Round "1"]
[White "Mizicka, Matus"]
[Black "Caban, Michal"]
[Result "1-0"]
[WhiteElo "1576"]
[BlackElo "1280"]
[PlyCount "87"]
[EventDate "2016.06.22"]
[EventType "swiss"]
[EventRounds "9"]
[EventCountry "SVK"]
[SourceTitle "CBM 173 Extra"]
[Source "ChessBase"]
[SourceDate "2016.08.29"]
[SourceVersion "1"]
[SourceVersionDate "2016.08.29"]
[SourceQuality "1"]

1. e4 e6 2. d4 d5 3. Nd2 c5 4. exd5 exd5 5. dxc5 Bxc5 6. Ngf3 Ne7 7. Bd3 0-0 8. Nb3 Re8 9. 0-0 Bb6 10. Bd2 Nbc6 11. Re1 Bf5 12. Bg5 Bxd3 13. Qxd3 Qd7 14. c3 Qf5 15. Rad1 Qxd3 16. Rxd3 f6 17. Be3 Bxe3 18. Rdxe3 b6 19. Nbd4 Kf7 20. Re6 Nxd4 21. Nxd4 Ng6 22. Rxe8 Rxe8 23. Rxe8 Kxe8 24. Ne6 Kf7 25. Nc7 Ne7 26. Kf1 f5 27. f4 h6 28. Ke2 g5 29. fxg5 hxg5 30. Kd3 f4 31. h3 Kf6 32. Nb5 Nc6 33. Nd4 Ne5+ 34. Ke2 a6 35. b3 Ng6 36. Nc2 Nh4 37. Kf2 Ng6 38. Nb4 Ke6 39. Nxa6 Ne5 40. Nb4 g4 41. hxg4 Nxg4+ 42. Kf3 Kf5 43. Nxd5 Ne5+ 44. Ke2 1-0

[Event "SVK-ch U12"]
[Site "Liptovsky Mikulas"]
[Date "2016.04.20"]
[Round "6"]
[White "Caban, Michal"]
[Black "Ulehla, Jakub"]
[Result "0-1"]
[WhiteElo "1314"]
[BlackElo "1772"]
[PlyCount "58"]
[EventDate "2016.04.16"]
[EventType "swiss"]
[EventRounds "9"]
[EventCountry "SVK"]
[SourceTitle "CBM 172 Extra"]
[Source "ChessBase"]
[SourceDate "2016.06.21"]
[SourceVersion "1"]
[SourceVersionDate "2016.06.21"]
[SourceQuality "1"]

1. Nf3 Nf6 2. d4 g6 3. Bf4 Bg7 4. e3 0-0 5. c4 d5 6. Nc3 e6 7. Be2 a6 8. cxd5 exd5 9. 0-0 Nbd7 10. Bg5 c6 11. Ne5 Qb6 12. Bxf6 Bxf6 13. Nxd7 Bxd7 14. Na4 Qc7 15. Nc5 Bf5 16. Bd3 Bc8 17. Qf3 Bg7 18. Qe2 Re8 19. Rfe1 Bxd4 20. Rab1 Bg7 21. Qc2 b6 22. Na4 Bd7 23. Qb3 b5 24. Nc3 Qd6 25. Qc2 c5 26. b3 Rac8 27. Red1 Qe5 28. Ne2 c4 29. f4 Qxe3+ 0-1

[Event "SVK-ch op"]
[Site "Banska Stiavnica"]
[Date "2015.07.09"]
[Round "6"]
[White "Popovic, Martin"]
[Black "Caban, Michal"]
[Result "1-0"]
[WhiteElo "1562"]
[BlackElo "1285"]
[PlyCount "60"]
[EventDate "2015.07.04"]
[EventType "swiss"]
[EventRounds "9"]
[EventCountry "SVK"]
[SourceTitle "CBM 167 Extra"]
[Source "ChessBase"]
[SourceDate "2015.09.14"]
[SourceVersion "1"]
[SourceVersionDate "2015.09.14"]
[SourceQuality "1"]

1. e4 e6 2. d4 d5 3. e5 c5 4. c3 Nc6 5. Nf3 Qb6 6. Be2 cxd4 7. cxd4 Nge7 8. Nc3 Nf5 9. Bb5 Bb4 10. Bxc6+ bxc6 11. 0-0 Ba6 12. Re1 0-0 13. a3 Bxc3 14. bxc3 Qc7 15. Rb1 Rab8 16. Bg5 h6 17. Be3 Rb7 18. Qd2 Rfb8 19. Rb4 Qa5 20. Qc2 Bb5 21. Bc1 Bc4 22. g4 Ne7 23. h4 Ng6 24. h5 Ne7 25. g5 hxg5 26. Nxg5 Nf5 27. Kh2 Qd8 28. Rg1 Rxb4 29. axb4 Nh4 30. Qh7+ Kf8 1-0

[Event "SVK-ch op"]
[Site "Banska Stiavnica"]
[Date "2015.07.07"]
[Round "4"]
[White "Jancsy, Peter"]
[Black "Caban, Michal"]
[Result "1/2-1/2"]
[WhiteElo "1598"]
[BlackElo "1285"]
[PlyCount "57"]
[EventDate "2015.07.04"]
[EventType "swiss"]
[EventRounds "9"]
[EventCountry "SVK"]
[SourceTitle "CBM 167 Extra"]
[Source "ChessBase"]
[SourceDate "2015.09.14"]
[SourceVersion "1"]
[SourceVersionDate "2015.09.14"]
[SourceQuality "1"]

1. e4 e6 2. Nf3 d5 3. exd5 exd5 4. d4 Nf6 5. h3 Bd6 6. Bd3 0-0 7. 0-0 Re8 8. Bg5 h6 9. Bh4 Nc6 10. Nc3 a6 11. Nxd5 Be7 12. Nxf6+ Bxf6 13. Bxf6 Qxf6 14. Qd2 Be6 15. a3 Rad8 16. c3 Na5 17. Rae1 Nc4 18. Bxc4 Bxc4 19. Rxe8+ Rxe8 20. Re1 Rxe1+ 21. Qxe1 Be6 22. Ne5 Qg5 23. Qe3 Qf5 24. Qd3 Qg5 25. Qe3 Qf5 26. Qd3 Qg5 27. Qe3 Qf5 28. Qd3 Qg5 29. Qe3 1/2-1/2

[Event "SVK-ch op"]
[Site "Banska Stiavnica"]
[Date "2015.07.04"]
[Round "1"]
[White "Caban, Michal"]
[Black "Kerdik, Adam"]
[Result "0-1"]
[WhiteElo "1285"]
[BlackElo "1978"]
[PlyCount "38"]
[EventDate "2015.07.04"]
[EventType "swiss"]
[EventRounds "9"]
[EventCountry "SVK"]
[SourceTitle "CBM 167 Extra"]
[Source "ChessBase"]
[SourceDate "2015.09.14"]
[SourceVersion "1"]
[SourceVersionDate "2015.09.14"]
[SourceQuality "1"]

1. e4 c5 2. Nf3 d6 3. Nc3 Nf6 4. Bc4 a6 5. Bb3 b5 6. a3 Bb7 7. d3 e6 8. 0-0 Be7 9. Re1 Nbd7 10. Bg5 0-0 11. Re2 Rc8 12. Nd2 Nb6 13. Ba2 Qc7 14. Re1 b4 15. axb4 cxb4 16. Ncb1 Qxc2 17. Qxc2 Rxc2 18. Rd1 Rfc8 19. Re1 Rxb2 0-1

[Event "SVK-ch U10"]
[Site "Tatralandia"]
[Date "2015.04.19"]
[Round "2"]
[White "Sobek, Michal"]
[Black "Caban, Michal"]
[Result "1/2-1/2"]
[WhiteElo "1919"]
[BlackElo "1270"]
[PlyCount "33"]
[EventDate "2015.04.18"]
[EventType "swiss"]
[EventRounds "9"]
[EventCountry "SVK"]
[SourceTitle "CBM 166 Extra"]
[Source "ChessBase"]
[SourceDate "2015.06.18"]
[SourceVersion "1"]
[SourceVersionDate "2015.06.18"]
[SourceQuality "1"]

1. e4 Nc6 2. d4 d5 3. exd5 Qxd5 4. Nf3 Bg4 5. Be2 0-0-0 6. Be3 Nf6 7. 0-0 h5 8. c4 Qd7 9. d5 Bxf3 10. Bxf3 Ne5 11. Be2 e6 12. Qd4 Nc6 13. Qc3 exd5 14. Rd1 Qe6 15. c5 Ne4 16. Qa3 Nxc5 17. Bf3 1/2-1/2

[Event "Zilina-ch"]
[Site "Zilina"]
[Date "2014.05.11"]
[Round "5"]
[White "Caban, Michal"]
[Black "Bobro, Jan"]
[Result "0-1"]
[WhiteElo "1147"]
[BlackElo "1328"]
[PlyCount "54"]
[EventDate "2014.05.09"]
[EventType "swiss"]
[EventRounds "6"]
[EventCountry "SVK"]
[SourceTitle "CBM 160 Extra"]
[Source "ChessBase"]
[SourceDate "2014.07.01"]
[SourceVersion "1"]
[SourceVersionDate "2014.07.01"]
[SourceQuality "1"]

1. Nf3 d5 2. d4 Nc6 3. Bf4 Nf6 4. e3 a6 5. c3 Bg4 6. Nbd2 e6 7. Be2 Bd6 8. Bxd6 Qxd6 9. 0-0 0-0 10. Rc1 Rfe8 11. c4 Nb4 12. a3 Nc6 13. c5 Qd7 14. b4 e5 15. dxe5 Nxe5 16. Nxe5 Rxe5 17. Bxg4 Nxg4 18. h3 Nf6 19. Re1 Rae8 20. Rc3 d4 21. Rd3 Rd5 22. Nc4 dxe3 23. Rexe3 Rxe3 24. fxe3 Rxd3 25. Qe2 Rd1+ 26. Kh2 Qd3 27. Qxd3 Rxd3 0-1

[Event "Zilina-ch"]
[Site "Zilina"]
[Date "2014.05.11"]
[Round "6"]
[White "Cibikova, Sofia Anna"]
[Black "Caban, Michal"]
[Result "1-0"]
[WhiteElo "1490"]
[BlackElo "1147"]
[PlyCount "53"]
[EventDate "2014.05.09"]
[EventType "swiss"]
[EventRounds "6"]
[EventCountry "SVK"]
[SourceTitle "CBM 160 Extra"]
[Source "ChessBase"]
[SourceDate "2014.07.01"]
[SourceVersion "1"]
[SourceVersionDate "2014.07.01"]
[SourceQuality "1"]

1. c4 e6 2. Nc3 d5 3. cxd5 exd5 4. Nf3 c5 5. d4 Nc6 6. dxc5 Bxc5 7. Qxd5 Qxd5 8. Nxd5 Bd6 9. g3 Be6 10. Nc3 Nf6 11. Bg2 0-0 12. 0-0 Rfd8 13. Rd1 Bb4 14. Bd2 Bc4 15. e3 Rd7 16. a3 Bxc3 17. Bxc3 Be2 18. Rxd7 Nxd7 19. Re1 Bxf3 20. Bxf3 Re8 21. Rd1 Nb6 22. Rd6 Ne7 23. Bxb7 Nc4 24. Ra6 Rd8 25. Rxa7 Rf8 26. Bb4 Nd6 27. Bxd6 1-0

[Event "Zilina-ch"]
[Site "Zilina"]
[Date "2014.05.09"]
[Round "1"]
[White "Piovar, Jaroslav"]
[Black "Caban, Michal"]
[Result "1-0"]
[WhiteElo "1563"]
[BlackElo "1147"]
[PlyCount "21"]
[EventDate "2014.05.09"]
[EventType "swiss"]
[EventRounds "6"]
[EventCountry "SVK"]
[SourceTitle "CBM 160 Extra"]
[Source "ChessBase"]
[SourceDate "2014.07.01"]
[SourceVersion "1"]
[SourceVersionDate "2014.07.01"]
[SourceQuality "1"]

1. d4 e6 2. c4 d5 3. Nc3 c5 4. cxd5 exd5 5. dxc5 Nf6 6. Nf3 Qa5 7. Bg5 Qd8 8. Bxf6 Qxf6 9. Nxd5 Qxb2 10. Nc7+ Ke7 11. Qd6# 1-0

[Event "SVK-ch U10"]
[Site "Stara Lubovna"]
[Date "2014.04.05"]
[Round "1"]
[White "Popovic, Martin"]
[Black "Caban, Michal"]
[Result "1-0"]
[WhiteElo "1295"]
[BlackElo "1000"]
[PlyCount "57"]
[EventDate "2014.04.05"]
[EventType "swiss"]
[EventRounds "9"]
[EventCountry "SVK"]
[SourceTitle "EXT 2016"]
[Source "ChessBase"]
[SourceDate "2015.10.08"]
[SourceVersion "1"]
[SourceVersionDate "2015.10.08"]
[SourceQuality "1"]

1. e4 e6 2. d4 d5 3. e5 c5 4. Nf3 Nc6 5. c3 Qb6 6. Be2 Nge7 7. dxc5 Qxc5 8. Be3 Qb5 9. Bxb5 Ng6 10. 0-0 Be7 11. Nbd2 0-0 12. Bxc6 bxc6 13. Nb3 Ba6 14. Re1 Rab8 15. Bxa7 Rb7 16. Be3 Rfb8 17. Bc5 Bxc5 18. Nxc5 Rb6 19. Nd7 Rxb2 20. Nxb8 Rxb8 21. Rb1 Ra8 22. Rb6 c5 23. Qa4 Bb7 24. Qxa8+ Bxa8 25. Rb8+ Nf8 26. Rxa8 d4 27. cxd4 cxd4 28. Nxd4 h6 29. Rc1 1-0